03136nab a2200313 i 4500003000900000005001700009008004100026040001800067072001400085100002000099100002200119100001700141100001800158100001700176100001700193100001500210100001700225245011800242500006600360520095500426520105701381650001102438650002402449650002002473650001502493650000802508773022602516856008002742BR-BrBNA20240822120406.0240822b2018 bl.|r|pooa||| 00| 0 eng | aBR-BrBNAbeng aL73b5120 aFonteque, J.H.  aGranella, M.C.S.  aSouza, A.F.  aMendes, R.P.  aSchade, J.  aBorelli, V.  aCosta, A.  aCosta, P.G.  aChronic renal failure in equine due to ascending pyelonephritis predisposed by cauda equina syndrome: Case report a Publicação online; 13 ref.; 3 illus.; Summaries (En, Pt) a ABSTRACT - This report describes the case of a mare, of the Campeiro breed, used as an embryo donor, which had recurrent cystitis and urinary incontinence crisis. Clinical signs evolved to progressive weight loss, anorexia, apathy, and isolation from the group. Physical examination showed tail hypotonia, perineal hypalgesia, rectal and bladder sagging compatible with signs related to cauda equina syndrome. Complementary laboratory and sonographic assessment, and necropsy confirmed the diagnosis of chronic renal failure (CRF), which was attributed to the ascending pyelonephritis. The examination of urine culture showed growth of bacteria of the genus Streptococcus sp. This is a rare case in the equine species where the lower motor neuron dysfunction led the development of infectious process in the urinary tract, progressing to renal chronic condition incompatible with life. Keywords: Campeiro, nephropathy, neuropathy, urinary tract.  a RESUMO - Descreve-se o caso de uma égua, da raça Campeiro, utilizada como doadora de embriões, que apresentava quadros de cistite recorrente e incontinência urinária. Os sinais clínicos evoluíram para emagrecimento progressivo, anorexia, apatia e isolamento do plantel. Ao exame físico, foi identificada hipotonia da cauda, hipoalgesia da região perineal, flacidez retal e vesical, compatíveis com sinais relacionados à síndrome da cauda equina. Exames complementares laboratoriais, exame ultrassonográfico e necropsia confirmaram o diagnóstico de insuficiência renal crônica (IRC), a qual foi atribuida à pielonefrite ascendente. O exame de urocultura demonstrou crescimento de bactérias do gênero Streptococcus sp. Este é um caso raro em equinos em que a disfunção de neurônio motor inferior propiciou o desenvolvimento de processo infeccioso no trato urinário, progredindo para um quadro crônico renal incompatível com a vida. Palavras-chave: Campeiro, nefropatia, neuropatia, trato urinário aCAVALO aAPARELHO URINÁRIO aDOENÇA ANIMAL aNEFROPATIA aRIM0 01643dBelo Horizonte-MG Universidade Federal de Minas Gerais - Escola de Veterinaria 1983o2024-4007tArquivo Brasileiro de Medicina Veterinária e Zootecnia (Brazil)x0102-0935gv. 70(2) p. 347-352; (2018)wBR2024002310 uhttps://www.scielo.br/j/abmvz/a/XSvsqDkryxhQpWBBHkywJ3v/?format=pdf&lang=en